[Event "HUN-chT2 Szechenyi 2122"]
[Site "Hungary"]
[Date "2021.12.19"]
[Round "4.5"]
[White "Juhasz, Nagy Sandor"]
[Black "Csaszar, Miklos"]
[Result "0-1"]
[WhiteElo "1713"]
[BlackElo "1820"]
[PlyCount "68"]
[EventDate "2021.10.10"]
[EventType "team-tourn"]
[EventRounds "9"]
[EventCountry "HUN"]
[SourceTitle "EXT 2025"]
[Source "ChessBase"]
[SourceDate "2024.10.14"]
[SourceVersion "1"]
[SourceVersionDate "2024.10.14"]
[SourceQuality "1"]
[WhiteTeam "Ezust Huszar"]
[BlackTeam "Arboretum Hereny KSE"]
[WhiteTeamCountry "HUN"]
[BlackTeamCountry "HUN"]

1. d4 d5 2. c4 c6 3. Nc3 Nf6 4. Bf4 e6 5. e3 Nbd7 6. Nf3 Be7 7. Be2 0-0 8. 0-0 Re8 9. Ne5 c5 10. Nxd7 Bxd7 11. dxc5 dxc4 12. Bxc4 Bxc5 13. Nb5 e5 14. Bg5 Bc6 15. Qb3 Rf8 16. Rac1 Bb6 17. Rfd1 Qe7 18. Nd6 Rad8 19. Nf5 Qc7 20. Bxf6 gxf6 21. e4 Kh8 22. Bd5 Bxd5 23. exd5 Qd7 24. Qf3 Rg8 25. h4 Rg6 26. Kh1 Rdg8 27. g3 Rg4 28. Nh6 R4g6 29. Nf5 e4 30. Qxe4 Bxf2 31. Rc3 Bxg3 32. Rdd3 Be5 33. Rc1 Rg4 34. Qf3 Rf4 0-1

[Event "HUN-chT2 Szechenyi 1819"]
[Site "Hungary"]
[Date "2018.12.02"]
[Round "3.8"]
[White "Szabo Thomka, Daniel"]
[Black "Csaszar, Miklos"]
[Result "1-0"]
[WhiteElo "1849"]
[BlackElo "1807"]
[PlyCount "57"]
[EventDate "2018.10.28"]
[EventType "team-tourn"]
[EventRounds "9"]
[EventCountry "HUN"]
[SourceTitle "EXT 2021"]
[Source "ChessBase"]
[SourceDate "2020.10.23"]
[SourceVersion "1"]
[SourceVersionDate "2020.10.23"]
[SourceQuality "1"]
[WhiteTeam "Gyor Szechenyi II"]
[BlackTeam "Arboretum"]
[WhiteTeamCountry "HUN"]
[BlackTeamCountry "HUN"]

1. e4 c5 2. Nf3 d6 3. d4 cxd4 4. Nxd4 Nf6 5. Nc3 g6 6. Be2 Bg7 7. Be3 0-0 8. Qd2 Nc6 9. f3 Bd7 10. 0-0-0 Rc8 11. g4 Ne5 12. h4 h5 13. gxh5 Nxh5 14. f4 Nc4 15. Bxc4 Rxc4 16. f5 Qa5 17. Rdg1 Rfc8 18. fxg6 Rxc3 19. gxf7+ Kxf7 20. bxc3 Qxa2 21. Qd3 Qa5 22. Rf1+ Nf6 23. Kd2 Qe5 24. Rf2 Qh5 25. Nf3 Bb5 26. Ng5+ Kg8 27. Qxb5 Nxe4+ 28. Kc1 Nxf2 29. Qd5+ 1-0

[Event "HUN-chT2 Szechenyi 1819"]
[Site "Hungary"]
[Date "2018.10.28"]
[Round "1.6"]
[White "Toth, Jozsef2"]
[Black "Csaszar, Miklos"]
[Result "1/2-1/2"]
[WhiteElo "2170"]
[BlackElo "1807"]
[PlyCount "39"]
[EventDate "2018.10.28"]
[EventType "team-tourn"]
[EventRounds "9"]
[EventCountry "HUN"]
[SourceTitle "EXT 2021"]
[Source "ChessBase"]
[SourceDate "2020.10.23"]
[SourceVersion "1"]
[SourceVersionDate "2020.10.23"]
[SourceQuality "1"]
[WhiteTeam "Gyor Elektromos"]
[BlackTeam "Arboretum"]
[WhiteTeamCountry "HUN"]
[BlackTeamCountry "HUN"]

1. d4 d5 2. Nf3 Nf6 3. Bg5 Nbd7 4. e3 h6 5. Bh4 e6 6. c4 Be7 7. Nc3 0-0 8. cxd5 exd5 9. Bd3 c6 10. Qc2 Re8 11. h3 Ne4 12. Bxe4 Bxh4 13. Nxh4 dxe4 14. g3 Nf6 15. Ng2 Bf5 16. g4 Bh7 17. Nf4 g5 18. Nfe2 Bg6 19. Ng3 Qd7 20. 0-0-0 1/2-1/2

[Event "HUN-chT2 Szechenyi 1718"]
[Site "Hungary"]
[Date "2017.12.17"]
[Round "4.7"]
[White "Nemeth, Zsolt"]
[Black "Csaszar, Miklos"]
[Result "1-0"]
[WhiteElo "1960"]
[BlackElo "1806"]
[PlyCount "173"]
[EventDate "2017.10.29"]
[EventType "team-tourn"]
[EventRounds "9"]
[EventCountry "HUN"]
[SourceTitle "EXT 2021"]
[Source "ChessBase"]
[SourceDate "2020.10.23"]
[SourceVersion "1"]
[SourceVersionDate "2020.10.23"]
[SourceQuality "1"]
[WhiteTeam "Keszthely Spartacus"]
[BlackTeam "Arboretum"]
[WhiteTeamCountry "HUN"]
[BlackTeamCountry "HUN"]

1. e4 c5 2. Nf3 d6 3. Bb5+ Nc6 4. 0-0 Bd7 5. Re1 e5 6. c3 a6 7. Bf1 Nf6 8. h3 Be7 9. d4 0-0 10. Nbd2 Qc7 11. a3 Rfe8 12. b4 cxd4 13. cxd4 Bf8 14. Bb2 g6 15. Rc1 Qd8 16. Bc4 exd4 17. Nxd4 Ne5 18. Bf1 Bh6 19. g3 Bg7 20. f4 Nc6 21. Bg2 Rc8 22. Nc4 Nxd4 23. Bxd4 Bb5 24. Na5 Rxc1 25. Qxc1 Re7 26. e5 dxe5 27. Bc5 Re6 28. Nxb7 Qb8 29. Rd1 Qc7 30. fxe5 Qxe5 31. Bd6 Qe3+ 32. Kh2 Qxc1 33. Rxc1 Ne8 34. Bf4 Bb2 35. Rc8 Bxa3 36. Nd6 Re2 37. Nxb5 axb5 38. Kg1 Kg7 39. Bc6 Nf6 40. Bxb5 Re4 41. Bc4 Bxb4 42. Rc7 Re7 43. Rc6 Nh5 44. Bc7 Be1 45. g4 Ng3 46. Bd6 Rd7 47. g5 Bc3 48. Bxg3 h6 49. h4 hxg5 50. hxg5 f6 51. Be6 Bd4+ 52. Kg2 Re7 53. gxf6+ Bxf6 54. Kf3 Ra7 55. Bf4 Ra3+ 56. Ke2 Ra7 57. Rc8 Re7 58. Rc6 Bb2 59. Kd3 Bf6 60. Kc4 g5 61. Be3 g4 62. Bc5 Re8 63. Rc7+ Kh6 64. Kd5 Kg5 65. Be3+ Kh4 66. Rc4 Rd8+ 67. Kc6 Kg3 68. Rxg4+ Kf3 69. Bb6 Re8 70. Bd7 Re7 71. Rg6 Bb2 72. Bc7 Rg7 73. Rh6 Rf7 74. Rh3+ Ke4 75. Be6 Rf6 76. Kd7 Rf2 77. Rh4+ Kd3 78. Bd5 Rf6 79. Bc4+ Ke3 80. Be6 Kd3 81. Rb4 Ba1 82. Rb1 Bd4 83. Kd6 Bf2 84. Ke5 Rh6 85. Rb3+ Kc2 86. Rf3 Rh5+ 87. Bf5+ 1-0

[Event "HUN-chT2 Szechenyi 1718"]
[Site "Hungary"]
[Date "2017.12.03"]
[Round "3.7"]
[White "Csaszar, Miklos"]
[Black "Toth, Tibor2"]
[Result "0-1"]
[WhiteElo "1806"]
[BlackElo "1970"]
[PlyCount "46"]
[EventDate "2017.10.29"]
[EventType "team-tourn"]
[EventRounds "9"]
[EventCountry "HUN"]
[SourceTitle "EXT 2021"]
[Source "ChessBase"]
[SourceDate "2020.10.23"]
[SourceVersion "1"]
[SourceVersionDate "2020.10.23"]
[SourceQuality "1"]
[WhiteTeam "Arboretum"]
[BlackTeam "Haladas Szombathely III"]
[WhiteTeamCountry "HUN"]
[BlackTeamCountry "HUN"]

1. e4 d5 2. exd5 Nf6 3. Bb5+ Bd7 4. Be2 Nxd5 5. d4 Bf5 6. Nf3 e6 7. 0-0 Be7 8. c4 Nb4 9. Na3 N8c6 10. Be3 Bf6 11. Qd2 0-0 12. Rfd1 Qe7 13. h3 Rad8 14. g4 Be4 15. g5 Bxf3 16. gxf6 Qxf6 17. Bxf3 Qxf3 18. Kh2 f5 19. Qe1 f4 20. Bd2 Nd3 21. Qxe6+ Kh8 22. Rg1 Nxf2 23. Raf1 Rd6 0-1

[Event "HUN-chT2 Szechenyi 1617"]
[Site "Hungary"]
[Date "2017.02.12"]
[Round "8.7"]
[White "Csaszar, Miklos"]
[Black "Szokolszky, Miklos"]
[Result "0-1"]
[WhiteElo "1735"]
[BlackElo "1943"]
[PlyCount "92"]
[EventDate "2016.09.25"]
[EventType "team-tourn"]
[EventRounds "11"]
[EventCountry "HUN"]
[SourceTitle "EXT 2021"]
[Source "ChessBase"]
[SourceDate "2020.10.23"]
[SourceVersion "1"]
[SourceVersionDate "2020.10.23"]
[SourceQuality "1"]
[WhiteTeam "Arboretum"]
[BlackTeam "Sarvar"]
[WhiteTeamCountry "HUN"]
[BlackTeamCountry "HUN"]

1. e4 e6 2. d4 d5 3. Nc3 Nf6 4. Bg5 Be7 5. e5 Nfd7 6. Bxe7 Qxe7 7. Nce2 Qb4+ 8. c3 Qxb2 9. f4 c5 10. Nf3 Nc6 11. a4 c4 12. g3 Na5 13. Nd2 Nb6 14. Rb1 Qa3 15. Ra1 Qe7 16. Bh3 Bd7 17. 0-0 g6 18. Qc2 Bc6 19. Ra2 0-0 20. Kh1 a6 21. Ng1 Nd7 22. Ngf3 Ra7 23. g4 Rfa8 24. f5 b5 25. axb5 axb5 26. Rfa1 Nb8 27. Bg2 Be8 28. h4 Nbc6 29. Qb1 b4 30. cxb4 Nxb4 31. Ra3 Nd3 32. Qg1 Nc6 33. Rxa7 Rxa7 34. Rxa7 Qxa7 35. Qe3 Qa3 36. f6 Qf8 37. Bf1 Ncb4 38. Bxd3 Nxd3 39. Kg2 h6 40. Ne1 Nxe1+ 41. Qxe1 Qa3 42. h5 g5 43. Nb1 Qb2+ 44. Kg3 Qxd4 45. Qc3 Qf4+ 46. Kh3 Qf1+ 0-1

[Event "HUN-chT2 Szechenyi 1617"]
[Site "Hungary"]
[Date "2016.12.11"]
[Round "6.9"]
[White "Csaszar, Miklos"]
[Black "Besenyi, Tibor"]
[Result "1/2-1/2"]
[WhiteElo "1735"]
[BlackElo "1941"]
[PlyCount "142"]
[EventDate "2016.09.25"]
[EventType "team-tourn"]
[EventRounds "11"]
[EventCountry "HUN"]
[SourceTitle "EXT 2021"]
[Source "ChessBase"]
[SourceDate "2020.10.23"]
[SourceVersion "1"]
[SourceVersionDate "2020.10.23"]
[SourceQuality "1"]
[WhiteTeam "Arboretum"]
[BlackTeam "Lovo"]
[WhiteTeamCountry "HUN"]
[BlackTeamCountry "HUN"]

1. e4 e6 2. d4 d5 3. Nc3 Bb4 4. e5 c5 5. a3 cxd4 6. Qxd4 Nc6 7. Bb5 Bxc3+ 8. Qxc3 Qc7 9. Nf3 Bd7 10. 0-0 Rc8 11. Bxc6 Qxc6 12. Qxc6 Rxc6 13. Nd4 Rc4 14. Be3 Ne7 15. Rac1 0-0 16. b3 Rc7 17. c3 Rfc8 18. Bd2 a6 19. f4 Nc6 20. Nf3 Na5 21. Nd4 Nc6 22. Nf3 f6 23. exf6 gxf6 24. Rfe1 Kf7 25. Rc2 Na7 26. a4 Nc6 27. Be3 Nb4 28. Rce2 Nd3 29. Bd4 Nxe1 30. Rxe1 Rg8 31. a5 Bb5 32. Re3 h5 33. Kf2 Rcc8 34. g3 Rg7 35. Nh4 Rcg8 36. Nf3 Rg4 37. Bc5 Bd7 38. Bd4 h4 39. Nxh4 Rxh4 40. gxh4 Rg4 41. Rf3 Rxh4 42. Kg3 Rh5 43. h4 Kg6 44. Re3 Kf5 45. Re2 Rh6 46. Bf2 Rg6+ 47. Kf3 Bc6 48. Bg3 d4+ 49. Kf2 d3 50. Re3 Be4 51. Ke1 Rg8 52. Kd2 Rc8 53. Bh2 Rc5 54. b4 Rc4 55. Rg3 Rc7 56. Rg8 Rh7 57. Bg3 Rh6 58. Ke3 Rh7 59. Be1 Rc7 60. Rg3 Rc6 61. h5 Rc7 62. h6 Rh7 63. Rh3 Bg2 64. Rh2 Bf1 65. Rh5+ Kg6 66. Rh1 Be2 67. Rh4 Rxh6 68. Rxh6+ Kxh6 69. Bd2 Kh5 70. c4 Kg4 71. b5 axb5 1/2-1/2

[Event "HUN-chT2 Szechenyi 1617"]
[Site "Hungary"]
[Date "2016.10.30"]
[Round "3.8"]
[White "Soos, David"]
[Black "Csaszar, Miklos"]
[Result "1/2-1/2"]
[WhiteElo "1701"]
[BlackElo "1735"]
[PlyCount "67"]
[EventDate "2016.09.25"]
[EventType "team-tourn"]
[EventRounds "11"]
[EventCountry "HUN"]
[SourceTitle "EXT 2021"]
[Source "ChessBase"]
[SourceDate "2020.10.23"]
[SourceVersion "1"]
[SourceVersionDate "2020.10.23"]
[SourceQuality "1"]
[WhiteTeam "Ajka ASSE"]
[BlackTeam "Arboretum"]
[WhiteTeamCountry "HUN"]
[BlackTeamCountry "HUN"]

1. d4 d5 2. Nf3 Nf6 3. g3 Bf5 4. Bg2 e6 5. 0-0 c5 6. c4 Be4 7. Nc3 Nc6 8. Bg5 cxd4 9. Nxd4 Bxg2 10. Kxg2 Qb6 11. Nxc6 bxc6 12. Bxf6 gxf6 13. cxd5 cxd5 14. Qa4+ Kd8 15. Rfd1 Qb4 16. e4 Qxa4 17. Nxa4 Bd6 18. exd5 Ke7 19. Rac1 Rhc8 20. dxe6 fxe6 21. Nc3 Be5 22. f4 Bxc3 23. Rxc3 Rxc3 24. bxc3 Rc8 25. Rd3 Rc4 26. Kf3 Ra4 27. Rd2 Ra3 28. Rc2 Kd6 29. Ke4 Kc5 30. Kd3 Kd5 31. Rb2 e5 32. fxe5 fxe5 33. Rb5+ Kd6 34. Ke4 1/2-1/2

[Event "HUN-chT2 Szechenyi 1617"]
[Site "Hungary"]
[Date "2016.10.09"]
[Round "2"]
[White "Olah, Jozsef"]
[Black "Csaszar, Miklos"]
[Result "0-1"]
[WhiteElo "1920"]
[BlackElo "1735"]
[PlyCount "158"]
[EventDate "2016.09.25"]
[EventType "team-tourn"]
[EventRounds "11"]
[EventCountry "HUN"]
[SourceTitle "EXT 2021"]
[Source "ChessBase"]
[SourceDate "2020.10.23"]
[SourceVersion "1"]
[SourceVersionDate "2020.10.23"]
[SourceQuality "1"]
[WhiteTeam "Haladas Szombathely III"]
[BlackTeam "Arboretum"]
[WhiteTeamCountry "HUN"]
[BlackTeamCountry "HUN"]

1. Nf3 Nf6 2. g3 d5 3. c4 e6 4. Bg2 c6 5. b3 Nbd7 6. Bb2 Be7 7. 0-0 0-0 8. Qc2 a5 9. Nc3 Nb6 10. Ne5 Nfd7 11. Nxd7 Bxd7 12. cxd5 exd5 13. e3 Re8 14. Ne2 a4 15. Bd4 axb3 16. axb3 Qc7 17. Qc3 Bf8 18. Nf4 Bf5 19. Nxd5 Nxd5 20. Bxd5 Rac8 21. Rfc1 Qd6 22. Bc4 c5 23. Bxc5 Rxc5 24. d4 Rcc8 25. Ra5 Be4 26. Qe1 Qf6 27. Qe2 Qf3 28. Qxf3 Bxf3 29. Rf5 Be4 30. Bxf7+ Kh8 31. Rfc5 Rxc5 32. dxc5 Rc8 33. b4 b6 34. Rc4 Bb7 35. Be6 Ra8 36. Rc1 bxc5 37. bxc5 Bxc5 38. Bh3 Be7 39. Bg2 Bxg2 40. Kxg2 h6 41. Rc2 Bf6 42. f4 Ra3 43. e4 Kg8 44. Kh3 Kf7 45. Kg4 g6 46. Rc7+ Be7 47. f5 h5+ 48. Kh3 g5 49. e5 g4+ 50. Kg2 Ke8 51. f6 Bb4 52. e6 Ra2+ 53. Kf1 Kd8 54. Rd7+ Kc8 55. Rd1 Ra6 56. e7 Rxf6+ 57. Kg2 Bxe7 58. Rd5 Rh6 59. h3 Kc7 60. Ra5 Kd7 61. Rb5 Kc6 62. Rf5 Kd6 63. Ra5 Kd7 64. Rb5 Ke8 65. Rf5 Bf6 66. Ra5 Kf7 67. Ra8 Rh8 68. Ra4 Rg8 69. Kh2 Ke6 70. Rf4 Be5 71. Rf1 Rb8 72. Rf2 Rb2 73. Kg2 Rxf2+ 74. Kxf2 Kf5 75. Kg2 Ke4 76. Kf2 Bf6 77. Ke2 Bd4 78. Kf1 Kf3 79. hxg4 hxg4 0-1

[Event "HUN-chT2 Szechenyi 1516"]
[Site "Hungary"]
[Date "2016.03.20"]
[Round "9.12"]
[White "Csaszar, Miklos"]
[Black "Piri, Tamas"]
[Result "1-0"]
[WhiteElo "1662"]
[BlackElo "1658"]
[PlyCount "109"]
[EventDate "2015.09.13"]
[EventType "team-tourn"]
[EventRounds "11"]
[EventCountry "HUN"]
[SourceTitle "EXT 2017"]
[Source "ChessBase"]
[SourceDate "2016.10.25"]
[SourceVersion "1"]
[SourceVersionDate "2016.10.25"]
[SourceQuality "1"]
[WhiteTeam "Arboretum"]
[BlackTeam "Sarvar"]
[WhiteTeamCountry "HUN"]
[BlackTeamCountry "HUN"]

1. e4 e5 2. Nf3 Nc6 3. Bb5 a6 4. Ba4 Nf6 5. 0-0 d6 6. Re1 b5 7. Bb3 Bg4 8. c3 Ne7 9. d3 Ng6 10. h3 Be6 11. Nbd2 h6 12. Nf1 Be7 13. Ng3 Qd7 14. d4 Qc8 15. Bc2 Nh7 16. Nf5 Bf6 17. Nh2 Ne7 18. Ne3 Ng6 19. Nhg4 Bg5 20. Nf5 Rg8 21. dxe5 Nxe5 22. f4 Nxg4 23. hxg4 Be7 24. e5 g6 25. Nxe7 Kxe7 26. exd6+ cxd6 27. f5 gxf5 28. gxf5 Qc5+ 29. Qd4 Qxd4+ 30. cxd4 Ng5 31. Bxg5+ Rxg5 32. fxe6 fxe6 33. Re2 Kd7 34. Rae1 Re8 35. Bb3 Rg6 36. a4 Re7 37. axb5 axb5 38. Ra1 Re8 39. Ra7+ Kc6 40. d5+ Kb6 41. Rd7 e5 42. Bc2 Rf6 43. Rf2 Ref8 44. Rxf6 Rxf6 45. Be4 Kc5 46. Re7 Kd4 47. Bf3 b4 48. Re6 Rxf3 49. gxf3 Kxd5 50. Rxh6 b3 51. Rh4 Kc5 52. Kf2 d5 53. Ke3 d4+ 54. Kd3 Kd5 55. Re4 1-0